00727 2200193 4500001002100000005001700021008004100038035002400079040001200103082001000115090001900125100001300144245019500157260007400352300004200426504002700468650002000495990001800515YOGYA-0113000000148420130123115412.0 ind  0010-011300000001484 aYOPDYOG a307.7 aSK 307.7 Mis P aMISTIANA apemanfaatan dana inpres bantuan desa dalam menngkatkan swadaya masyarakat untuk pembangunan fisik desa di desa sendangdadi kecamatan mlati kabupaten sleman propinsi DIY/disusun oleh Mistiana ayogyakarta:bSekolah tinggi pembangunan masyarakat desa "APMD",c1998 axii,61,9180lbr.:bilus.,lamp.;c29 cm aBibliografi : (lbr.63) apembanguan desa a43336-PD/A-12